Jenayah dan doktrin Islam dalam tindakan pencegahan

Bibliographic Details
Main Author: Muslehuddin, Mohammad , 1913- (Author)
Format: Book
Published: Kuala Lumpur : Dewan Bahasa dan Pustaka , 1992
Subjects:

MARC

LEADER 00000cam a2200000 7i4500
001 0000023321
005 20190321093000.0
008 021119s1992
020 |a 9836228268 
090 0 0 |a HV8687   |b .M812 1992 
100 0 |a Muslehuddin, Mohammad ,   |d 1913- ,   |e author 
240 0 0 |a Crime and the Islamic doctrine of preventive measure   |l [Bahasa Malaysia] 
245 0 0 |a Jenayah dan doktrin Islam dalam tindakan pencegahan   |c Muhammad Muslehuddin   |f penterjemah, Asiah Idris 
260 2 |a Kuala Lumpur :   |b Dewan Bahasa dan Pustaka ,   |c 1992 
300 |a xxv, 87 p. ; ;   |c 22 cm. 
501 |a Terjemahan: Crime and the Islamic doctrine of preventive measure 
504 |a Includes bibliographical references (p. 83) and index 
650 0 |a Criminology   |x Religious aspects   |x Islam 
650 0 |a Punishment (Islamic law) 
650 0 |a Punishment   |x Religious aspects   |x Islam 
999 |a 1000027576   |b Book   |c OPEN SHELF (30 DAYS)   |e Gong Badak Campus 
999 |a 1000027577   |b Book   |c OPEN SHELF (30 DAYS)   |e Gong Badak Campus 
999 |a 1000027578   |b Book   |c OPEN SHELF (30 DAYS)   |e Gong Badak Campus